000 00679nam a2200217Ia 4500
003 0100
008 130307s9999 xx 000 0 und d
020 _a052133831X (pbk.) 0521329221
040 _cARRUPELIB
050 _aHX39.5.E43 1986
100 _aElster, Jon, 1940-
245 3 _aAn introduction to Karl Marx / Jon Elster.
260 _aCambridge Cambridgeshire ;New York :
260 _bCambridge University Press
260 _c1986.
300 _avii
300 _b200 p. 22 cm.
650 _bArchitecture--Dictionaries
856 _uhttp://www.loc.gov/catdir/description/cam023/86004238.html http://www.loc.gov/catdir/toc/cam029/86004238.html
942 0 0 _05
999 _c99216
_d99216